000 00455nam a2200193Ia 4500
008 101110s9999 xx 000 0 und d
041 _aENGLISH
082 _bSR4228
_a380
100 _aBanerjee, Marityunjoy
245 _aBusiness Organisation
365 _b12.5
520 _aCommerce
546 _aENGLISH
630 _aBusiness Organisation
650 _aCommerce
655 _aCommerce
730 _aBusiness Organisation
942 _cBOOK
999 _c800493
_d800490